00606nam a2200169Ia 4500003000900000008004100009040001600050080002700066110003300093245014700126260005000273300000800323500002900331650003700360650001800397650002100415IN-BaIIA211028s9999 xx 000 0 eng d cIIA Library a083.7:69.003.1332bISI aIndian Standards Institution 0aIndian standard method of measurement of building and civil enginering worksbpt. 18, demolition and dismantlingcIndian Standards Institution aNew DelhibIndian Standards Institutionc1975 a9p. aIS 1200 : Part 18 : 1974 a Demolition Buildings-Standards a Standards  aNASA Thesaurus